Compendio 2015: taller primer año arquitectura
Guardat en:
| Autors principals: | , , , |
|---|---|
| Altres autors: | |
| Format: | Llibre |
| Idioma: | espanyol |
| Publicat: |
Viña del Mar
Pontificia Universidad Católica de Valparaíso
2016
|
| Edició: | 1a. ed |
| Matèries: | |
| Etiquetes: |
Afegir etiqueta
Sense etiquetes, Sigues el primer a etiquetar aquest registre!
|
MARC
| LEADER | 00000cam a2200000 a 4500 | ||
|---|---|---|---|
| 001 | UCD1967 | ||
| 003 | CL-VaPUC | ||
| 008 | 160407e20160100cl |||||||||||||||||spa|d | ||
| 082 | 0 | 4 | |a 720 |b CAR |2 21 |
| 100 | |a Cáraves Silva, Patricio |e autor |9 709220 | ||
| 700 | |a Ferrada Herrera, Jorge |e autor |9 591540 | ||
| 700 | 0 | |a Rodríguez Melo, Esmeralda |e author |9 585152 | |
| 700 | 0 | |a Cox Bordalí, Cristobal |e author |9 585153 | |
| 700 | 0 | |a Marzal Díaz, Franco |e author |9 585154 | |
| 245 | 1 | 0 | |a Compendio 2015: taller primer año arquitectura |
| 250 | |a 1a. ed | ||
| 300 | |a v | ||
| 942 | |c BK | ||
| 945 | |d 20160407 22:06:00 |a arojas | ||
| 260 | |a Viña del Mar |b Pontificia Universidad Católica de Valparaíso |c 2016 | ||
| 500 | |a v.1: Lunes de estudio | ||
| 500 | |a v.2: Lecciones del taller | ||
| 500 | |a v.3: Travesía Ralún y del ancho de América | ||
| 650 | 0 | |a Filosofía de la arquitectura |9 267382 | |
| 650 | 0 | |a Talleres educacionales |9 339158 | |
| 650 | 7 | |a HISTORIA DE LA ARQUEOLOGIA |2 CL-VaPUC |9 528048 | |
| 650 | 0 | |a Historia de la arquitectura |9 266241 | |
| 583 | |a last modification |c 20160408 02:46:46 |k Rodrigo Vera | ||
| 999 | |c 363175 |d 363173 | ||
| 952 | |0 0 |1 0 |3 erb |4 0 |6 720_000000000000000_CAR_2016 |7 0 |8 R |9 475027 |a BIBARQ |b BIBARQ |h v.1 |i 5269156 |l 3 |m 1 |o 720 CAR 2016 |p 5269156 |r 2025-01-21 |s 2024-12-02 |w 2019-11-24 |y BK_R |z Catalogado en:20160407 |k ARQ | ||
| 952 | |0 0 |1 0 |3 erb |4 0 |6 720_000000000000000_CAR_2016 |7 0 |8 R |9 475028 |a BIBARQ |b BIBARQ |h v.2 |i 5269164 |l 1 |o 720 CAR 2016 |p 5269164 |r 2025-01-20 |s 2024-12-02 |w 2019-11-24 |y BK_R |z Catalogado en:20160407 |k ARQ | ||
| 952 | |0 0 |1 0 |3 erb |4 0 |6 720_000000000000000_CAR_2016 |7 0 |8 R |9 475029 |a BIBARQ |b BIBARQ |h v.3 |i 5269172 |o 720 CAR 2016 |p 5269172 |r 2025-01-20 |w 2019-11-24 |y BK_R |z Catalogado en:20160407 |k ARQ | ||